Catálogo público

Caracterización sistémica de un queso de innovación en una empresa pequeña de Indiana, E. U. A. / (Record no. 218462)

MARC details
000 -CABECERA
campo de control de longitud fija 03423nam a22004577a 4500
003 - IDENTIFICADOR DEL NÚMERO DE CONTROL
campo de control CHAP
005 - FECHA Y HORA DE LA ÚLTIMA TRANSACCIÓN
campo de control 20240611173000.0
007 - CAMPO FIJO DE DESCRIPCIÓN FÍSICA--INFORMACIÓN GENERAL
campo de control de longitud fija ta
008 - DATOS DE LONGITUD FIJA--INFORMACIÓN GENERAL
campo de control de longitud fija 230301b2022 mx ado f m|||a001 0 spa d
040 ## - FUENTE DE LA CATALOGACIÓN
Centro catalogador/agencia de origen mxchpua
Centro/agencia transcriptor CHAP
041 0# - CÓDIGO DE LENGUA
Código de lengua del texto/banda sonora o título independiente spa
Código de lengua del sumario o resumen eng
090 ## - LOCALMENTE ASIGNADO TIPO-LC NÚMERO DE CLASIFICACIÓN (OCLC); NÚMERO DE CLASIFICACIÓN LOCAL (RLIN)
Número de clasificación (OCLC) (R) ; Numero de clasificación, CALL (RLIN) (NR) Tesis
Número cutter local (OCLC) ; Número de libro/Signatura topográfica íntegra, CALL (RLIN) U75
año 2022
100 1# - ENTRADA PRINCIPAL--NOMBRE DE PERSONA
Nombre de persona Uribe Reyes, Fernanda Ameyalli
245 10 - MENCIÓN DE TÍTULO
Título Caracterización sistémica de un queso de innovación en una empresa pequeña de Indiana, E. U. A. /
Mención de responsabilidad, etc. Fernanda Ameyalli Uribe Reyes
264 ## - PRODUCCIÓN, PUBLICACIÓN, DISTRIBUCIÓN, FABRICACIÓN Y COPYRIGHT
Producción, publicación, distribución, fabricación y copyright Chapingo, México :
Nombre del de productor, editor, distribuidor, fabricante El autor,
Fecha de producción, publicación, distribución, fabricación o copyright 2022
300 ## - DESCRIPCIÓN FÍSICA
Extensión 153 hojas :
Otras características físicas ilustraciones, gráficas, diagramas, tablas, fotos
336 ## - TIPO DE CONTENIDO
Fuente rdacontent
Término de tipo de contenido texto
Código de tipo de contenido txt
337 ## - TIPO DE MEDIO
Fuente rdamedia
Nombre/término del tipo de medio no mediado
Código del tipo de medio n
338 ## - TIPO DE SOPORTE
Fuente rdacarrier
Nombre/término del tipo de soporte volumen
Código del tipo de soporte nc
502 ## - NOTA DE TESIS
Nota de tesis Tesis
Tipo de título (Ingeniero Agrónomo Especialista en Ingeniería Agroindustrial) --
Nombre de la institución que otorga el título UACh. Departamento de Ingeniería Agroindustrial,
Año de obtención del título 2022
504 ## - NOTA DE BIBLIOGRAFÍA, ETC.
Nota de bibliografía, etc. Bibliografía: h. 149-153
520 3# - SUMARIO, ETC.
Sumario, etc. En este trabajo de investigación se realizó una caracterización sistémica, es decir, se generó información a lo largo de toda la cadena de elaboración del Queso Trillium, elaborado en una cremería de Indianapolis, E.U.A. Para ello se concibió un estudio integral de la empresa, desde su formación, crecimiento, disposición y organización; posteriormente se exploró en la producción primaria, es decir la producción de la leche utilizada; una vez que se conoció sobre el abasto de materia prima, dió paso al proceso detallado de elaboración del queso y las diferentes condiciones que determinan la tipicidad de este producto; finalmente, al tener un producto dispuesto para la venta se analizó la parte sensorial, los canales de comercialización y la aceptación del queso entre los consumidores, con base en su calidad integral.
520 3# - SUMARIO, ETC.
Sumario, etc. For this research work a systemic characterization is made, therefore compile information all along the build-up chain of Trillium cheese made in a creamery of Indianapolis, U.S.A. Consequently an integral study of the company is carried out, such as its origins, up-growth, setup and organization; subsequently we focus in the primary production hence the milk obtainment to be used; once the background is known then gives way to a detail making process of the cheese and the different conditions that determine the typicality of this product; finally when we have an item for consumption the analysis of the sensorial part, marketing, promotion is and acceptance of the cheese by the costumers are made based on the integral quality.
650 13 - PUNTO DE ACCESO ADICIONAL DE MATERIA--TÉRMINO DE MATERIA
Término de materia o nombre geográfico como elemento de entrada Quesos
Subdivisión general Calidad del producto
Fuente del encabezamiento o término atg
650 13 - PUNTO DE ACCESO ADICIONAL DE MATERIA--TÉRMINO DE MATERIA
Término de materia o nombre geográfico como elemento de entrada Quesos
Subdivisión general Evaluación sensorial de los alimentos
Fuente del encabezamiento o término atg
650 13 - PUNTO DE ACCESO ADICIONAL DE MATERIA--TÉRMINO DE MATERIA
Término de materia o nombre geográfico como elemento de entrada Quesos
Subdivisión general Industria y comercio México
Subdivisión geográfica México
Fuente del encabezamiento o término atg
650 13 - PUNTO DE ACCESO ADICIONAL DE MATERIA--TÉRMINO DE MATERIA
Término de materia o nombre geográfico como elemento de entrada Quesos
Subdivisión general Adopción de innovaciones
Fuente del encabezamiento o término atg
650 13 - PUNTO DE ACCESO ADICIONAL DE MATERIA--TÉRMINO DE MATERIA
Término de materia o nombre geográfico como elemento de entrada Cheeses
Subdivisión general Product quality
Fuente del encabezamiento o término atg
650 13 - PUNTO DE ACCESO ADICIONAL DE MATERIA--TÉRMINO DE MATERIA
Término de materia o nombre geográfico como elemento de entrada Cheeses
Subdivisión general Sensory evaluation
Fuente del encabezamiento o término atg
650 13 - PUNTO DE ACCESO ADICIONAL DE MATERIA--TÉRMINO DE MATERIA
Término de materia o nombre geográfico como elemento de entrada Cheeses
Subdivisión general Industry and trade
Subdivisión geográfica Mexico
Fuente del encabezamiento o término atg
650 13 - PUNTO DE ACCESO ADICIONAL DE MATERIA--TÉRMINO DE MATERIA
Término de materia o nombre geográfico como elemento de entrada Cheeses
Subdivisión general Innovation adoption
Fuente del encabezamiento o término atg
700 1# - PUNTO DE ACCESO ADICIONAL--NOMBRE DE PERSONA
Nombre de persona Villegas de Gante, Abraham Zacarias
Término indicativo de función/relación director
700 1# - PUNTO DE ACCESO ADICIONAL--NOMBRE DE PERSONA
Nombre de persona Santos Moreno, Armando
Término indicativo de función/relación asesor
700 1# - PUNTO DE ACCESO ADICIONAL--NOMBRE DE PERSONA
Nombre de persona Márquez Roa, Laura Martín
Término indicativo de función/relación asesora
856 40 - LOCALIZACIÓN Y ACCESO ELECTRÓNICOS
Identificador Uniforme del Recurso <a href="http://10.13.5.2/tesis/tl/1212518-4_URIBE_REYES_FERNANDA_AMEYALLI.pdf">http://10.13.5.2/tesis/tl/1212518-4_URIBE_REYES_FERNANDA_AMEYALLI.pdf</a>
Texto de enlace DESCRAGAR PDF
901 ## - ELEMENTOS DE DATOS A LOCAL LDA (RLIN)
a Tesis U75 2022
942 ## - ELEMENTOS DE PUNTO DE ACCESO ADICIONAL (KOHA)
Fuente del sistema de clasificación o colocación Clasificación Universidad Autónoma Chapingo
Tipo de ítem Koha TESIS
Holdings
Estado de retiro Estado de pérdida Fuente del sistema de clasificación o colocación Estado dañado Restricciones de uso No para préstamo Código de colección Localización permanente Ubicación/localización actual Fecha de adquisición Fuente de adquisición Total de préstamos Signatura topográfica completa Código de barras Fecha visto por última vez Número de copia Tipo de ítem Koha Fecha del último préstamo Ubicación en estantería Precio válido a partir de
    Clasificación Universidad Autónoma de Chapingo   Préstamo interno   Tesis digitales de Licenciatura Biblioteca Digital Biblioteca Digital 06/02/2024 El autor   Tesis digital 1301013703 06/02/2024   Tesis digital   En línea 06/02/2024
    Clasificación Universidad Autónoma de Chapingo   Préstamo interno   Tesis Ingenieria Agroindustrial Ingenieria Agroindustrial 01/03/2023 El autor   Tesis U75 2022 1101013703 02/02/2026 Ej. 1 Tesis      
    Clasificación Universidad Autónoma de Chapingo   Préstamo 5 días   Tesis Ingenieria Agroindustrial Ingenieria Agroindustrial 01/03/2023 El autor 1 Tesis U75 2022 1101013704 03/02/2026 Ej. 2 Tesis 03/02/2026    
    Clasificación Universidad Autónoma de Chapingo   Préstamo interno   Tesis Ingenieria Agroindustrial Ingenieria Agroindustrial 01/03/2023 El autor   Tesis U75 2022 1101013705 01/03/2023 Ej. 3 CD      
    Clasificación Universidad Autónoma de Chapingo   Préstamo interno   Tesis Ingenieria Agroindustrial Ingenieria Agroindustrial 01/03/2023 El autor   Tesis U75 2022 1101013706 01/03/2023 Ej. 4 CD